00362pab a2200121 454500008004000000100002300040245010500063260000900168300001400177362000800191650001400199773002700213180718b2003 xxu||||| |||| 00| 0 eng d aTolley, Michael C. aJudicial review of agency interpretation of statutes: deference doctrines in comparative perspective c2003 ap.421-40. aAug aJudiciary aPolicy Studies Journal